| 000 | 01343nam a22003374a 4500 | ||
|---|---|---|---|
| 001 | ebr10057369 | ||
| 003 | CaPaEBR | ||
| 006 | m u | ||
| 007 | cr cn||||||||| | ||
| 008 | 011116s2002 nyua sb 001 0 eng | ||
| 010 | _z 2001058051 | ||
| 020 | _z0333801555 | ||
| 040 |
_aCaPaEBR _cCaPaEBR |
||
| 035 | _a(OCoLC)559431839 | ||
| 050 | 1 | 4 |
_aHC800 _b.M345 2002eb |
| 082 | 0 | 4 |
_a338.96 _221 |
| 100 | 1 |
_aMakhan, Vijay S., _d1948- |
|
| 245 | 1 | 0 |
_aEconomic recovery in Africa _h[electronic resource] : _bthe paradox of financial flows / _cVijay S. Makhan. |
| 260 |
_aNew York : _bPalgrave, _c2002. |
||
| 300 |
_axviii, 261 p. : _bill. |
||
| 490 | 1 | _aInternational political economy series | |
| 504 | _aIncludes bibliographical references (p. 225-231) and index. | ||
| 533 |
_aElectronic reproduction. _bPalo Alto, Calif. : _cebrary, _d2013. _nAvailable via World Wide Web. _nAccess may be limited to ebrary affiliated libraries. |
||
| 650 | 0 |
_aEconomic assistance _zAfrica. |
|
| 650 | 0 |
_aFlow of funds _zAfrica. |
|
| 651 | 0 |
_aAfrica _xEconomic policy. |
|
| 655 | 7 |
_aElectronic books. _2local |
|
| 710 | 2 | _aebrary, Inc. | |
| 830 | 0 | _aInternational political economy series (Palgrave (Firm)) | |
| 856 | 4 | 0 |
_uhttp://site.ebrary.com/lib/rucke/Doc?id=10057369 _zAn electronic book accessible through the World Wide Web; click to view |
| 999 |
_c172672 _d172672 |
||